000 00474nam a2200157Ia 4500
008 151213s9999 xx 000 0 und d
100 _aWilliam B. Wartheer Jr. Keith Davis
245 _aHuman Resource & Personal management
_cWilliam B. Wartheer Jr. Keith Davis
250 _a5th
260 _aBoston
_bIrwin , Mc, Graw Hill
_c1996
300 _a3074 p.
650 _aManagement
650 _aManagement
700 _aWilliam B. Wartheer Jr. Keith Davis
999 _c2123
_d2123